Comic Strip by Supporting Character Quiz Stats

Quiz Updated Jul 22, 2016

Challenge
Share
Tweet
Score 0/24 Timer 05:00
1 Play Today
% Correct
Garfield (Doc Boy)
82.6%
Popeye (Wimpy)
75.6%
Archie (Midge Klump)
71.3%
Blondie (Herb Woodley)
70.5%
H├Ągar the Horrible (Helga's Mom)
66.1%
Peanuts (Kite-eating Tree)
57.7%
Calvin & Hobbes (Miss Wormwood)
54.4%
Doonesbury (Uncle Duke)
53.9%
Family Circus (Not Me)
52.9%
Superman (Perry White)
52.2%
The Amazing Spider-Man (J. Jonah Jameson)
51.6%
Andy Capp (Chalkie White)
49.3%
% Correct
Dilbert (Loud Howard)
47%
Mickey Mouse (Horace Horsecollar)
40.8%
Zits (Pierce)
40%
Baby Blues (Bunny)
33.9%
Dick Tracy (Breathless Mahoney)
30.2%
FoxTrot (Quincy)
27.7%
The Boondocks (Uncle Ruckus)
25.4%
Get Fuzzy (Mac Manc McManx)
24.3%
Pearls Before Swine (Crocodiles)
22.8%
Funky Winkerbean (Harry Dinkle)
20.5%
Sally Forth (Jackie)
18.4%
Marvin (Bitsy)
7.4%

You're not logged in!

Compare scores with friends on all Sporcle quizzes.
Sign Up with Email
OR
Log In

You Might Also Like...

Show Comments

Extras

Top Quizzes Today


Score Distribution

Your Account Isn't Verified!

In order to create a playlist on Sporcle, you need to verify the email address you used during registration. Go to your Sporcle Settings to finish the process.